00370nam a2200133 a 450000500170000000800410001702000180005805000240007610000200010024500420012026000410016230000210020365000120022420140310183257.0021107s19uu xx 00 eng d a9780140620245 aPR 4494b.C712 1994 aCollins, Wilkie aThe woman in white /cWilkie Collins. aEngland :bPenguin Books Ltd,c1994. a569 p. :c18 cm. aFiction